Doženeme ztracený čas? Rozhovor.
Náplň práce ministerstva pre hospodársku politiku a rozvoj ČR. Názor, že scenár ekonomickej reformy by mal byť radikálnejší a mal by sa uskutočňovať rýchlejšie. Stanovisko k Združeniu čs. podnikateľov a k možnosti presídlenia časti čínskej komunity z Hongkongu do ČSFR. Vývoj inflácie.
Saved in:
| Main Author: | |
|---|---|
| Other Authors: | |
| Format: | Book Chapter |
| Language: | Czech |
| Subjects: | |
| Tags: |
No Tags, Be the first to tag this record!
|
MARC
| LEADER | 00000naa a2200000 4500 | ||
|---|---|---|---|
| 001 | r002346 | ||
| 005 | 20220819180737.3 | ||
| 041 | 0 | |a cze | |
| 044 | |a [CS] | ||
| 245 | 1 | 0 | |a Doženeme ztracený čas? Rozhovor. |c K. Dyba, Libuše Bautzová |
| 520 | |a Náplň práce ministerstva pre hospodársku politiku a rozvoj ČR. Názor, že scenár ekonomickej reformy by mal byť radikálnejší a mal by sa uskutočňovať rýchlejšie. Stanovisko k Združeniu čs. podnikateľov a k možnosti presídlenia časti čínskej komunity z Hongkongu do ČSFR. Vývoj inflácie. | ||
| 610 | 2 | 0 | |a Čechy |
| 610 | 2 | 0 | |a ministerstvá |
| 610 | 2 | 0 | |a politika hospodárska |
| 610 | 2 | 0 | |a reformy hospodárske |
| 610 | 2 | 0 | |a inflácia |
| 100 | 1 | |a Dyba, K. | |
| 700 | 1 | |a Bautzová, Libuše | |